书目信息 |
| 题名: |
环境模拟与评价
|
|
| 作者: | 黄中华 , 孙秀云 , 韩卫清 编著 | |
| 分册: | ||
| 出版信息: | 北京 北京航空航天大学出版社 2019.09 |
|
| 页数: | 329页 | |
| 开本: | 26cm | |
| 丛书名: | ||
| 单 册: | ||
| 中图分类: | TB24 , X82 | |
| 科图分类: | ||
| 主题词: | 环境模拟--huan jing mo ni--教材 , 环境质量评价--huan jing zhi liang ping jia--教材 | |
| 电子资源: | ||
| ISBN: | 978-7-5124-3049-5 | |
| 000 | 01132nam0 2200313 450 | |
| 001 | 202020141144 | |
| 005 | 20200926181358.0 | |
| 010 | @a978-7-5124-3049-5@dCNY65.00 | |
| 100 | @a20200919d2019 em y0chiy50 ea | |
| 101 | 0 | @achi |
| 102 | @aCN@b110000 | |
| 105 | @aa a 000yy | |
| 106 | @ar | |
| 200 | 1 | @a环境模拟与评价@Ahuan jing mo ni yu ping jia@f黄中华, 孙秀云, 韩卫清编著 |
| 205 | @a第2版 | |
| 210 | @a北京@c北京航空航天大学出版社@d2019.09 | |
| 215 | @a329页@c图@d26cm | |
| 300 | @a工业和信息化部“十二五”规划教材 | |
| 320 | @a有书目 (第328-329页) | |
| 330 | @a本书主要介绍了环境数学模型、河流水质模型及参数估算、湖库水质模型、大气污染控制模型、水处理单元操作及单元过程数学模型、环境影响评价技术导则和案例分析等。书中列入较多的案例分析, 具有较强的实践性。 | |
| 606 | 0 | @a环境模拟@Ahuan jing mo ni@j教材 |
| 606 | 0 | @a环境质量评价@Ahuan jing zhi liang ping jia@j教材 |
| 690 | @aTB24@v5 | |
| 690 | @aX82@v5 | |
| 701 | 0 | @a黄中华@Ahuang zhong hua@4编著 |
| 701 | 0 | @a孙秀云@Asun xiu yun@4编著 |
| 701 | 0 | @a韩卫清@Ahan wei qing@4编著 |
| 801 | 0 | @aCN@c20190930 |
| 905 | @a河南城建学院图书馆@dTB24@eH922 | |
| 环境模拟与评价/黄中华, 孙秀云, 韩卫清编著.-第2版.-北京:北京航空航天大学出版社,2019.09 |
| 329页:图;26cm |
| 工业和信息化部“十二五”规划教材 |
| ISBN 978-7-5124-3049-5:CNY65.00 |
| 本书主要介绍了环境数学模型、河流水质模型及参数估算、湖库水质模型、大气污染控制模型、水处理单元操作及单元过程数学模型、环境影响评价技术导则和案例分析等。书中列入较多的案例分析, 具有较强的实践性。 |
| ● |
| 相关链接 |
|
|
|
正题名:环境模拟与评价
索取号:TB24/H922
 
预约/预借
| 序号 | 登录号 | 条形码 | 馆藏地/架位号 | 状态 | 备注 |
| 1 | 1491282 | 214912825 | 自科库501/501自科库 8排1列4层/ [索取号:TB24/H922] | 在馆 |